| 000 | 00640nam a22002177a 4500 | ||
|---|---|---|---|
| 003 | UA-OsUOA | ||
| 001 | 74843 | ||
| 007 | ta | ||
| 008 | 20110418b un ||||| |||| 00| 0 ukr d | ||
| 100 | _aЧерновол І.В. | ||
| 090 |
_a902 _bЧ-49 |
||
| 942 | _cSA | ||
| 040 |
_aUA-OsUOA _bukr _cUA-OsUOA _dUA-OsUOA |
||
| 245 | _aСпадщина Федора Вовка в Інституті археології НАН України | ||
| 300 | _aС.110-117 | ||
| 955 | _a0 | ||
| 041 | _aukr | ||
| 080 | _a902 | ||
| 773 | 0 |
_w74830 _tАрхеологія _dК. _d2011 _g1 |
|
| 650 | 7 |
_a9 Географія. Біографії. Історія _2UDC |
|
| 999 |
_c361140 _d361140 |
||